000 00877nam a2200289 a 4500
001 BRCA_4770
005 20190320204809.0
008 071010s1876----gw-a######---#000-0#ger-#
041 _ager
044 _agw
050 4 _aND588.D8
_b.T42 2
_c1876
100 1 _aThausing, Moriz
_911992
245 1 0 _aDürer
_bGeschichte seines lebens und seiner kunst
_cvon Moriz Thausing.
260 _aLeipzig, Alemania
_bE. A. Seeman
_c1876
300 _axvi, 537 p.
_bil.
_c25 cm.
500 _aEdición con cantos dorados
500 _aIncluye índice de ilustraciones e índice analítico
500 _aVer también D74
500 _aD134
600 1 4 _aDurero, Alberto
_d1471-1528
_910301
650 1 4 _aPintores alemanes
_9797
650 1 4 _aGrabadores alemanes
_97216
700 1 _aSchönbrunner, José
_912055
700 1 _aBader, F.W.
_912056
902 _aGFM
942 _2lcc
_cB
999 _c4467
_d4467